| 000 | 00344nam a2200133Ia 4500 | ||
|---|---|---|---|
| 008 | 230413s9999||||xx |||||||||||||| ||und|| | ||
| 020 | _a9780061843716 | ||
| 082 |
_a973.92092 _bC6497 |
||
| 100 | _aClymer, Adam | ||
| 245 | 0 | _aEdward M. Kennedy: a biography | |
| 260 |
_aNew York _bHarper Perennial _c2009 |
||
| 300 | _axii, 720 p. | ||
| 942 | _cBK | ||
| 999 |
_c26339 _d26339 |
||